[Event "Cancun Camara Cup 11th"]
[Site "Cancun"]
[Date "2023.10.14"]
[Round "7"]
[White "Galaviz Medina, Atlas Adomaitis"]
[Black "Urbina Quiroz, Edwin"]
[Result "1-0"]
[WhiteElo "2147"]
[BlackElo "2132"]
[PlyCount "89"]
[EventDate "2023.10.11"]
[EventType "swiss"]
[EventRounds "9"]
[EventCountry "MEX"]
[SourceTitle "Mega2024 Update 01"]
[Source "Chessbase"]
[SourceDate "2023.11.12"]
[SourceVersion "1"]
[SourceVersionDate "2023.11.12"]
[SourceQuality "1"]

1. d4 d5 2. Nf3 Nf6 3. e3 g6 4. c4 c6 5. Nc3 Bg7 6. Bd3 0-0 7. h3 a6 8. 0-0 b5 9. cxb5 cxb5 10. b4 Nc6 11. Qb3 Bf5 12. Bxf5 gxf5 13. a4 e6 14. Bd2 Qb6 15. Rfc1 Ne4 16. axb5 axb5 17. Rxa8 Rxa8 18. Nxd5 exd5 19. Qxd5 Nxd2 20. Nxd2 Rc8 21. Qxf5 Qb8 22. Ne4 Ne7 23. Rxc8+ Qxc8 24. Qxb5 Qd8 25. Nc5 Nf5 26. Qc6 Ne7 27. Qb7 Nd5 28. b5 Nxe3 29. fxe3 Bxd4 30. exd4 Qxd4+ 31. Kf1 Qc4+ 32. Ke1 Qc1+ 33. Ke2 Qc2+ 34. Kf3 Qf5+ 35. Ke3 Qxc5+ 36. Ke4 Qc4+ 37. Ke5 Qc5+ 38. Qd5 Qe7+ 39. Kf5 h6 40. Kf4 Qc7+ 41. Qe5 Qb6 42. Kg3 Kh7 43. Kf3 Kg6 44. Qd5 h5 45. Qc6+ 1-0

[Event "Cancun Camara Cup 11th"]
[Site "Cancun"]
[Date "2023.10.12"]
[Round "3"]
[White "Fernandez Cardoso, Alexey"]
[Black "Urbina Quiroz, Edwin"]
[Result "1-0"]
[WhiteElo "2429"]
[BlackElo "2132"]
[PlyCount "53"]
[EventDate "2023.10.11"]
[EventType "swiss"]
[EventRounds "9"]
[EventCountry "MEX"]
[SourceTitle "Mega2024 Update 01"]
[Source "Chessbase"]
[SourceDate "2023.11.12"]
[SourceVersion "1"]
[SourceVersionDate "2023.11.12"]
[SourceQuality "1"]

1. e4 e5 2. Nf3 Nc6 3. Bb5 a6 4. Ba4 Nf6 5. 0-0 Be7 6. Re1 b5 7. Bb3 d6 8. c3 0-0 9. h3 Na5 10. Bc2 c5 11. d4 Nd7 12. d5 Nb6 13. b3 g6 14. Bh6 Re8 15. g4 g5 16. h4 Bxg4 17. Kh2 f6 18. Nbd2 Kh8 19. Nxg5 fxg5 20. Qxg4 Rg8 21. Rg1 Qd7 22. hxg5 Nb7 23. Qh5 Qe8 24. Bd1 Bf8 25. Qxe8 Rxe8 26. Bh5 Rd8 27. Bf7 1-0

[Event "Cancun Camara Cup 11th"]
[Site "Cancun"]
[Date "2023.10.11"]
[Round "1"]
[White "Albornoz Cabrera, Carlos Daniel"]
[Black "Urbina Quiroz, Edwin"]
[Result "1-0"]
[WhiteElo "2582"]
[BlackElo "2132"]
[PlyCount "67"]
[EventDate "2023.10.11"]
[EventType "swiss"]
[EventRounds "9"]
[EventCountry "MEX"]
[SourceTitle "Mega2024 Update 01"]
[Source "Chessbase"]
[SourceDate "2023.11.12"]
[SourceVersion "1"]
[SourceVersionDate "2023.11.12"]
[SourceQuality "1"]

1. e4 e5 2. Nf3 Nc6 3. Bb5 a6 4. Ba4 Nf6 5. 0-0 Be7 6. Re1 b5 7. Bb3 d6 8. c3 0-0 9. h3 Na5 10. Bc2 c5 11. d4 Nd7 12. Nbd2 exd4 13. cxd4 Nc6 14. d5 Nce5 15. a4 Rb8 16. Nxe5 Nxe5 17. f4 Ng6 18. Nf3 Bh4 19. Rf1 Bg3 20. f5 Ne5 21. axb5 axb5 22. Ng5 h6 23. f6 g6 24. Nf3 Qxf6 25. Bxh6 Re8 26. Nxe5 Qxe5 27. Ra3 Qh8 28. Qf3 Rb7 29. Qxg3 Qxh6 30. Qxd6 c4 31. Raf3 Qg7 32. Rf6 Rd7 33. Qc6 Rde7 34. Rxf7 1-0

[Event "Titled Tuesday intern op 28th Mar Early"]
[Site "Chess.com INT"]
[Date "2023.03.28"]
[Round "1"]
[White "Urbina Quiroz, Edwin"]
[Black "Goudriaan, Etienne"]
[Result "0-1"]
[WhiteElo "2128"]
[BlackElo "2331"]
[PlyCount "48"]
[EventDate "2023.03.28"]
[EventType "swiss (blitz)"]
[EventRounds "11"]
[EventCountry "USA"]
[SourceTitle "EXT 2024"]
[Source "ChessBase"]
[SourceDate "2023.10.10"]
[SourceVersion "1"]
[SourceVersionDate "2023.10.10"]
[SourceQuality "1"]

1. e4 c5 2. Nf3 d6 3. d4 cxd4 4. Nxd4 Nf6 5. Nc3 a6 6. Bc4 e6 7. Bb3 Nbd7 8. 0-0 Nc5 9. f4 Be7 10. e5 dxe5 11. fxe5 Nfd7 12. Qh5 g6 13. Qe2 b5 14. Qf3 Nxe5 15. Qxa8 Qxd4+ 16. Kh1 0-0 17. Rd1 Qh4 18. Be3 Bb7 19. Qa7 Ng4 20. Bg1 b4 21. Ne2 Nf2+ 22. Bxf2 Qxf2 23. Rg1 Qxe2 24. Rae1 Bxg2+ 0-1

[Event "Titled Tuesday intern op 14th Feb Early"]
[Site "Chess.com INT"]
[Date "2023.02.14"]
[Round "2"]
[White "Urbina Quiroz, Edwin"]
[Black "Bochnicka, Vladimir1111"]
[Result "1-0"]
[WhiteElo "2128"]
[BlackElo "2300"]
[PlyCount "187"]
[EventDate "2023.02.14"]
[EventType "swiss (blitz)"]
[EventRounds "11"]
[EventCountry "USA"]
[SourceTitle "CBM 212 Extra"]
[Source "ChessBase"]
[SourceDate "2023.03.31"]
[SourceVersion "1"]
[SourceVersionDate "2023.03.31"]
[SourceQuality "1"]

1. e4 c5 2. Nf3 Nc6 3. d4 cxd4 4. Nxd4 e5 5. Nb5 d6 6. N5c3 Be7 7. Nd5 Nf6 8. Nbc3 0-0 9. Nxe7+ Qxe7 10. Bg5 Be6 11. Be2 h6 12. Bxf6 Qxf6 13. 0-0 Rfd8 14. Nd5 Bxd5 15. exd5 Ne7 16. c4 Ng6 17. Re1 Qg5 18. g3 Rac8 19. Qc1 Qf6 20. Bd3 Nf8 21. Qc3 Nd7 22. Qa3 a6 23. Bf1 Qg6 24. Rac1 e4 25. Bh3 f5 26. f4 Nc5 27. Bf1 Qf6 28. Qc3 Qxc3 29. Rxc3 a5 30. Kf2 b6 31. Ke3 Kf7 32. b3 Kf6 33. a3 Ra8 34. Rb1 g5 35. Be2 Rg8 36. Rcc1 gxf4+ 37. Kxf4 Rae8 38. Ke3 Ke5 39. b4 axb4 40. axb4 Nd7 41. Ra1 Nf6 42. Ra6 Rb8 43. Rca1 h5 44. Ra7 Ng4+ 45. Bxg4 Rxg4 46. Rf7 Rc8 47. Raa7 Rxc4 48. Rae7+ Kxd5 49. Rxf5+ Kc6 50. Re8 Kd7 51. Rff8 Rc3+ 52. Kd4 Rd3+ 53. Kc4 e3+ 54. Kxd3 Rxb4 55. Kxe3 Rb3+ 56. Kf4 Rb4+ 57. Kg5 Rb2 58. h4 Rb5+ 59. Kh6 Rd5 60. Rd8+ Ke7 61. Rde8+ Kd7 62. Re3 b5 63. Rb3 Kc6 64. Rc8+ Kb6 65. Rb8+ Ka5 66. Ra3+ Kb4 67. Ra1 Kc4 68. Rc1+ Kb4 69. Rb1+ Kc4 70. Rf8 b4 71. Rf4+ Kc5 72. Rbxb4 Rd3 73. Rbc4+ Kd5 74. Ra4 Rxg3 75. Rf5+ Ke6 76. Rxh5 Rf3 77. Re4+ Kd7 78. Rd4 Ke6 79. Rg5 Rf6+ 80. Rg6 Rxg6+ 81. Kxg6 Ke5 82. Rxd6 Kxd6 83. h5 Ke7 84. Kg7 Kd6 85. h6 Ke5 86. h7 Kd4 87. h8Q Ke4 88. Qf8 Ke3 89. Qf6 Kd3 90. Kg6 Kd2 91. Kg5 Ke2 92. Qf5 Kd1 93. Kg4 Kc1 94. Qf4+ 1-0

[Event "Titled Tuesday intern op 15th Nov Late"]
[Site "Chess.com INT"]
[Date "2022.11.15"]
[Round "10"]
[White "Rodriguez Fontecha, Marcos"]
[Black "Urbina Quiroz, Edwin"]
[Result "0-1"]
[WhiteElo "2309"]
[BlackElo "2123"]
[PlyCount "82"]
[EventDate "2022.11.15"]
[EventType "swiss (blitz)"]
[EventRounds "11"]
[EventCountry "USA"]
[SourceTitle "CBM 211 Extra"]
[Source "ChessBase"]
[SourceDate "2023.01.31"]
[SourceVersion "1"]
[SourceVersionDate "2023.01.31"]
[SourceQuality "1"]

1. e4 e5 2. Nf3 Nc6 3. d4 exd4 4. Bc4 Nf6 5. 0-0 Nxe4 6. Re1 d5 7. Bxd5 Qxd5 8. Nc3 Qh5 9. Nxe4 Be6 10. Bg5 Bd6 11. Nxd6+ cxd6 12. Bf4 Qd5 13. c3 Kd7 14. cxd4 h6 15. Bg3 Bg4 16. Re3 Rhe8 17. Rd3 Re4 18. h3 Bxf3 19. Qxf3 Rae8 20. Rad1 Re1+ 21. Kh2 Qxf3 22. gxf3 Rxd1 23. Rxd1 Re2 24. d5 Ne5 25. Rb1 Nd3 26. Kg2 Rxb2 27. Rd1 Nc5 28. Rd4 Rxa2 29. Rf4 f6 30. Rg4 g5 31. h4 Ra4 32. f4 Rd4 33. Kh3 h5 34. Rxg5 fxg5 35. hxg5 Nd3 36. f5 Rg4 37. g6 Ke7 38. f3 Rxg3+ 39. Kxg3 Kf6 40. Kh4 Nf4 41. Kg3 Nxg6 0-1

[Event "Titled Tuesday intern op 13th Sep Early"]
[Site "Chess.com INT"]
[Date "2022.09.13"]
[Round "4"]
[White "Urbina Quiroz, Edwin"]
[Black "Chan, Kim Yew"]
[Result "0-1"]
[WhiteElo "2123"]
[BlackElo "2311"]
[PlyCount "84"]
[EventDate "2022.09.13"]
[EventType "swiss (blitz)"]
[EventRounds "11"]
[EventCountry "USA"]
[SourceTitle "EXT 2023"]
[Source "ChessBase"]
[SourceDate "2022.10.05"]
[SourceVersion "1"]
[SourceVersionDate "2022.10.05"]
[SourceQuality "1"]

1. e4 c5 2. Nf3 Nc6 3. d4 cxd4 4. Nxd4 g6 5. Nc3 Bg7 6. Be3 Nf6 7. Bc4 Qa5 8. 0-0 0-0 9. Bb3 d6 10. h3 Bd7 11. f4 Nxd4 12. Bxd4 Bc6 13. e5 Nd7 14. exd6 exd6 15. Bxg7 Kxg7 16. Qxd6 Rad8 17. Qd4+ Kg8 18. f5 Qc5 19. Rad1 Qxd4+ 20. Rxd4 Ne5 21. Rxd8 Rxd8 22. fxg6 hxg6 23. Re1 Re8 24. Kf2 Kg7 25. Nd5 a5 26. a3 a4 27. Ba2 f6 28. Nf4 g5 29. Ne6+ Kg6 30. Nd4 Rc8 31. Nxc6 Rxc6 32. Re2 Rb6 33. b4 axb3 34. Bxb3 Rc6 35. Re4 Ra6 36. a4 Rd6 37. Rb4 Rd2+ 38. Kg3 f5 39. Rb6+ Kh5 40. Rxb7 f4+ 41. Kh2 Nf3+ 42. Kh1 Rd1# 0-1

[Event "Titled Tuesday intern op 07th Jun Early"]
[Site "Chess.com INT"]
[Date "2022.06.07"]
[Round "4"]
[White "Sochacki, Wojtek"]
[Black "Urbina Quiroz, Edwin"]
[Result "1-0"]
[WhiteElo "2324"]
[BlackElo "2123"]
[PlyCount "41"]
[EventDate "2022.06.07"]
[EventType "swiss (blitz)"]
[EventRounds "11"]
[EventCountry "USA"]
[SourceTitle "CBM 208 Extra"]
[Source "ChessBase"]
[SourceDate "2022.07.31"]
[SourceVersion "1"]
[SourceVersionDate "2022.07.31"]
[SourceQuality "1"]

1. e4 e5 2. Nf3 Nc6 3. d4 exd4 4. Nxd4 Bb4+ 5. c3 Bc5 6. Be3 Bb6 7. Nf5 Bxe3 8. Nxe3 Nf6 9. f3 0-0 10. c4 Re8 11. Nc3 d6 12. Qd2 a5 13. 0-0-0 Be6 14. Be2 Qb8 15. f4 Qa7 16. g4 a4 17. g5 Nxe4 18. Nxe4 Bf5 19. Nf6+ gxf6 20. Nxf5 fxg5 21. Qc3 1-0

[Event "Titled Tuesday intern op 05th Apr Early"]
[Site "Chess.com INT"]
[Date "2022.04.05"]
[Round "2"]
[White "Urbina Quiroz, Edwin"]
[Black "Chernomordik, Pavel"]
[Result "1-0"]
[WhiteElo "2123"]
[BlackElo "2179"]
[PlyCount "109"]
[EventDate "2022.04.05"]
[EventType "swiss (blitz)"]
[EventRounds "11"]
[EventCountry "USA"]
[SourceTitle "CBM 207 Extra"]
[Source "ChessBase"]
[SourceDate "2022.05.31"]
[SourceVersion "1"]
[SourceVersionDate "2022.05.31"]
[SourceQuality "1"]

1. e4 g6 2. d4 Bg7 3. h4 d5 4. exd5 Qxd5 5. Nf3 Bg4 6. Be3 Nf6 7. Be2 Nbd7 8. c4 Qa5+ 9. Nc3 Ne4 10. Qb3 Nxc3 11. bxc3 0-0 12. 0-0 e5 13. Rfe1 Qb6 14. c5 Qxb3 15. axb3 Rfe8 16. b4 exd4 17. cxd4 Nf6 18. Bc4 Bxf3 19. gxf3 c6 20. b5 cxb5 21. Bxb5 Red8 22. c6 bxc6 23. Bxc6 Rac8 24. Bb7 Rc7 25. Rxa7 Nd5 26. Ra8 Rxa8 27. Bxa8 Nxe3 28. fxe3 Bf6 29. h5 gxh5 30. Be4 h4 31. Kf2 Ra7 32. f4 Ra2+ 33. Re2 Ra3 34. Rd2 Kf8 35. Kf3 Ke7 36. Bxh7 Ra1 37. Bf5 Rf1+ 38. Ke4 Re1 39. d5 Kd6 40. Rc2 Bd8 41. Rc6+ Ke7 42. Rh6 Kf8 43. Rh8+ Ke7 44. d6+ Kxd6 45. Rxd8+ Ke7 46. Rh8 Rh1 47. Kf3 Rf1+ 48. Kg2 Re1 49. Kf2 Rh1 50. e4 Rh2+ 51. Kf3 Kf6 52. Kg4 Rg2+ 53. Kxh4 Rh2+ 54. Bh3 Kg7 55. Ra8 1-0

[Event "Titled Tuesday intern op 05th Apr Early"]
[Site "Chess.com INT"]
[Date "2022.04.05"]
[Round "4"]
[White "Urbina Quiroz, Edwin"]
[Black "Jakubowski, Krzysztof"]
[Result "1-0"]
[WhiteElo "2123"]
[BlackElo "2475"]
[PlyCount "35"]
[EventDate "2022.04.05"]
[EventType "swiss (blitz)"]
[EventRounds "11"]
[EventCountry "USA"]
[SourceTitle "CBM 207 Extra"]
[Source "ChessBase"]
[SourceDate "2022.05.31"]
[SourceVersion "1"]
[SourceVersionDate "2022.05.31"]
[SourceQuality "1"]

1. e4 e5 2. Nf3 Nc6 3. c3 Nf6 4. d4 exd4 5. e5 Ne4 6. Qe2 Nc5 7. cxd4 Ne6 8. d5 Ncd4 9. Nxd4 Nxd4 10. Qe4 Bb4+ 11. Bd2 Bxd2+ 12. Nxd2 c5 13. b4 Qb6 14. bxc5 Qxc5 15. Bd3 Qc3 16. 0-0 b6 17. Nc4 Nb5 18. a4 1-0

[Event "Titled Tuesday intern op 08th Mar Early"]
[Site "Chess.com INT"]
[Date "2022.03.08"]
[Round "11"]
[White "Urbina Quiroz, Edwin"]
[Black "Flis, Pawel"]
[Result "0-1"]
[WhiteElo "2123"]
[BlackElo "1885"]
[PlyCount "59"]
[EventDate "2022.03.08"]
[EventType "swiss (blitz)"]
[EventRounds "11"]
[EventCountry "USA"]
[SourceTitle "CBM 207 Extra"]
[Source "ChessBase"]
[SourceDate "2022.05.31"]
[SourceVersion "1"]
[SourceVersionDate "2022.05.31"]
[SourceQuality "1"]

1. g3 Nf6 2. d3 g6 3. Bg2 Bg7 4. Nf3 0-0 5. 0-0 d6 6. c4 e5 7. Nc3 Nc6 8. Bd2 h6 9. Ne1 Be6 10. Nc2 Qd7 11. Ne3 Bh3 12. Ncd5 Bxg2 13. Kxg2 Nd4 14. Nxf6+ Bxf6 15. Nd5 Bg7 16. e3 Ne6 17. Rb1 c6 18. Nc3 Ng5 19. f4 Qh3+ 20. Kh1 exf4 21. gxf4 Ne6 22. Rf3 Qh5 23. Qe2 Nc5 24. Rg1 Nxd3 25. f5 Ne5 26. fxg6 Qxf3+ 27. Qxf3 Nxf3 28. gxf7+ Rxf7 29. Rg2 Ne5 30. Ne4 0-1

[Event "Titled Tuesday intern op 15th Feb Early"]
[Site "Chess.com INT"]
[Date "2022.02.15"]
[Round "1"]
[White "Cherniaiev, Tykhon"]
[Black "Urbina Quiroz, Edwin"]
[Result "1-0"]
[WhiteElo "2209"]
[BlackElo "2123"]
[PlyCount "59"]
[EventDate "2022.02.15"]
[EventType "swiss (blitz)"]
[EventRounds "11"]
[EventCountry "USA"]
[SourceTitle "CBM 206 Extra"]
[Source "ChessBase"]
[SourceDate "2022.03.31"]
[SourceVersion "1"]
[SourceVersionDate "2022.03.31"]
[SourceQuality "1"]

1. Nf3 d5 2. c4 e6 3. b3 Nf6 4. Bb2 Be7 5. g3 0-0 6. Bg2 c5 7. cxd5 Nxd5 8. 0-0 Nc6 9. d4 cxd4 10. Nxd4 Nxd4 11. Bxd4 Bf6 12. e3 Bd7 13. Na3 Bc6 14. Nc4 Nc3 15. Bxc3 Bxc3 16. Rc1 Bxg2 17. Kxg2 Bf6 18. Qf3 Qe7 19. Rfd1 Rfd8 20. Na5 Rxd1 21. Rxd1 Rb8 22. Qe4 g6 23. h4 h5 24. Nc4 Kg7 25. a4 Rc8 26. Nd6 Rd8 27. Qb4 b6 28. e4 Be5 29. Nf5+ Kf6 30. Qxe7# 1-0

[Event "Titled Tuesday intern op 15th Feb Late"]
[Site "Chess.com INT"]
[Date "2022.02.15"]
[Round "8"]
[White "Dias, Joao Batista de Sou"]
[Black "Urbina Quiroz, Edwin"]
[Result "1-0"]
[WhiteElo "1838"]
[BlackElo "2123"]
[PlyCount "105"]
[EventDate "2022.02.15"]
[EventType "swiss (blitz)"]
[EventRounds "11"]
[EventCountry "USA"]
[SourceTitle "CBM 206 Extra"]
[Source "ChessBase"]
[SourceDate "2022.03.31"]
[SourceVersion "1"]
[SourceVersionDate "2022.03.31"]
[SourceQuality "1"]

1. e4 e5 2. Nf3 Nc6 3. d4 exd4 4. Nxd4 Bb4+ 5. c3 Bc5 6. Nxc6 bxc6 7. Bd3 Nf6 8. 0-0 0-0 9. Bg5 Re8 10. Re1 h6 11. Bh4 g5 12. Bg3 d6 13. Kh1 Bg4 14. f3 Bh5 15. a4 a5 16. Na3 Bg6 17. Qc2 Nh5 18. Bf2 Bxf2 19. Qxf2 Nf4 20. Bc2 Qb8 21. b3 Qb6 22. Qxb6 cxb6 23. Nc4 d5 24. Nxb6 Ra7 25. c4 Rb8 26. c5 Ne6 27. exd5 Nxc5 28. Bxg6 fxg6 29. Rac1 Nd3 30. Nc4 Nxc1 31. Rxc1 cxd5 32. Ne5 Rxb3 33. h3 d4 34. Rc6 d3 35. Rd6 Ra3 36. Nxd3 Rxa4 37. Ne5 Ra1+ 38. Kh2 a4 39. Rxg6+ Kh7 40. Rd6 a3 41. Ng4 a2 42. Nf6+ Kg7 43. Nh5+ Kf7 44. Rxh6 Ke8 45. Rh8+ Kf7 46. Rh7+ Kg6 47. Rxa7 Kxh5 48. Kg3 Kg6 49. Ra6+ Kh5 50. Kh2 g4 51. hxg4+ Kg5 52. Kg3 Rb1 53. f4# 1-0

[Event "Titled Tuesday intern op 15th Feb Early"]
[Site "Chess.com INT"]
[Date "2022.02.15"]
[Round "4"]
[White "Orlov, Georgi"]
[Black "Urbina Quiroz, Edwin"]
[Result "1-0"]
[WhiteElo "2460"]
[BlackElo "2123"]
[PlyCount "83"]
[EventDate "2022.02.15"]
[EventType "swiss (blitz)"]
[EventRounds "11"]
[EventCountry "USA"]
[SourceTitle "CBM 206 Extra"]
[Source "ChessBase"]
[SourceDate "2022.03.31"]
[SourceVersion "1"]
[SourceVersionDate "2022.03.31"]
[SourceQuality "1"]

1. d4 d5 2. Nf3 Nf6 3. c4 e6 4. g3 Be7 5. Bg2 0-0 6. Nc3 dxc4 7. Ne5 Nc6 8. Bxc6 bxc6 9. Nxc6 Qe8 10. Qa4 Bb7 11. Nxe7+ Qxe7 12. 0-0 c5 13. Qxc4 Rac8 14. Bg5 cxd4 15. Qxd4 Rfd8 16. Qxa7 Qb4 17. Qe3 Qxb2 18. Rab1 Qxc3 19. Qxc3 Rxc3 20. Rxb7 Ra3 21. Rb2 Rda8 22. Rfb1 h6 23. Rb8+ Rxb8 24. Rxb8+ Kh7 25. Bxf6 gxf6 26. Rb2 Kg6 27. f3 f5 28. Kf2 h5 29. h4 e5 30. Rc2 f4 31. gxf4 exf4 32. Rc4 Rxa2 33. Rxf4 f5 34. Rb4 Ra6 35. Kg3 Re6 36. Rb2 Rc6 37. Kf4 Rc4+ 38. e4 fxe4 39. fxe4 Rc1 40. Rb6+ Kg7 41. Kg5 Re1 42. Rb7+ 1-0

[Event "Titled Tuesday intern op 15th Feb Early"]
[Site "Chess.com INT"]
[Date "2022.02.15"]
[Round "10"]
[White "Urbina Quiroz, Edwin"]
[Black "Stankovic, Ivan G"]
[Result "1-0"]
[WhiteElo "2123"]
[BlackElo "2255"]
[PlyCount "51"]
[EventDate "2022.02.15"]
[EventType "swiss (blitz)"]
[EventRounds "11"]
[EventCountry "USA"]
[SourceTitle "CBM 206 Extra"]
[Source "ChessBase"]
[SourceDate "2022.03.31"]
[SourceVersion "1"]
[SourceVersionDate "2022.03.31"]
[SourceQuality "1"]

1. e4 c5 2. Nf3 Nc6 3. d4 cxd4 4. Nxd4 g6 5. Nc3 Bg7 6. Be3 Nf6 7. Bc4 0-0 8. Bb3 d6 9. f3 Bd7 10. h4 h5 11. Qd2 Rc8 12. 0-0-0 Ne5 13. Rdg1 Qa5 14. g4 hxg4 15. h5 Nxh5 16. Bh6 Rc5 17. Rxh5 Nc4 18. Rxc5 Nxd2 19. Rxa5 Bxh6 20. Kd1 gxf3 21. Rxg6+ Kh7 22. Rxh6+ Kxh6 23. Kxd2 f2 24. Ke2 e5 25. Nf5+ Bxf5 26. exf5 1-0

[Event "Titled Tuesday intern op 14th Dec"]
[Site "Chess.com INT"]
[Date "2021.12.14"]
[Round "4"]
[White "Shuvalov, Evgenij"]
[Black "Urbina Quiroz, Edwin"]
[Result "0-1"]
[WhiteElo "2182"]
[BlackElo "2123"]
[PlyCount "38"]
[EventDate "2021.12.14"]
[EventType "swiss (blitz)"]
[EventRounds "11"]
[EventCountry "USA"]
[SourceTitle "EXT 2023"]
[Source "ChessBase"]
[SourceDate "2022.10.05"]
[SourceVersion "1"]
[SourceVersionDate "2022.10.05"]
[SourceQuality "1"]

1. e4 e5 2. Nf3 Nc6 3. Bb5 a6 4. Ba4 Nf6 5. 0-0 Be7 6. Re1 b5 7. Bb3 d6 8. c3 0-0 9. h3 Na5 10. Bc2 d5 11. exd5 e4 12. Ng5 Nxd5 13. Nxe4 f5 14. Ng3 f4 15. Nh5 f3 16. g4 Bd6 17. d4 Qh4 18. Re4 Qxh3 19. Qf1 Qh2# 0-1